[Event "SWE-chT 1920 Superettan"]
[Site "Sweden"]
[Date "2020.01.11"]
[Round "4"]
[White "Marttala, Thomas"]
[Black "Hesselborn, Per Ove"]
[Result "1-0"]
[WhiteElo "2113"]
[BlackElo "2133"]
[PlyCount "49"]
[EventDate "2019.10.18"]
[EventType "team-tourn"]
[EventRounds "9"]
[EventCountry "SWE"]
[SourceTitle "EXT 2023"]
[Source "ChessBase"]
[SourceDate "2022.10.05"]
[SourceVersion "1"]
[SourceVersionDate "2022.10.05"]
[SourceQuality "1"]
[WhiteTeam "Upsala"]
[BlackTeam "Kristallen"]
[WhiteTeamCountry "SWE"]
[BlackTeamCountry "SWE"]

1. Nf3 g6 2. e4 Bg7 3. d4 d6 4. Nc3 Nf6 5. Be2 0-0 6. Bg5 h6 7. Bh4 c6 8. 0-0 Qc7 9. e5 Nd5 10. exd6 Qxd6 11. Ne4 Qd8 12. c4 Nf4 13. Nc3 Bg4 14. Re1 Nd7 15. Bf1 Nf6 16. h3 Bxf3 17. Qxf3 g5 18. Rad1 e6 19. Bg3 Ng6 20. Bd3 Ne7 21. Be5 Nd7 22. Bxg7 Kxg7 23. Bb1 Nf6 24. g3 Qd6 25. Qxf6+ 1-0

[Event "SWE-chT 1920 Superettan"]
[Site "Sweden"]
[Date "2019.10.20"]
[Round "3"]
[White "Hesselborn, Per Ove"]
[Black "Troberg Eskola, Love"]
[Result "0-1"]
[WhiteElo "2133"]
[BlackElo "2143"]
[PlyCount "132"]
[EventDate "2019.10.18"]
[EventType "team-tourn"]
[EventRounds "9"]
[EventCountry "SWE"]
[SourceTitle "EXT 2023"]
[Source "ChessBase"]
[SourceDate "2022.10.05"]
[SourceVersion "1"]
[SourceVersionDate "2022.10.05"]
[SourceQuality "1"]
[WhiteTeam "Kristallen"]
[BlackTeam "Orgryte"]
[WhiteTeamCountry "SWE"]
[BlackTeamCountry "SWE"]

1. d4 d5 2. Nf3 Nf6 3. Bf4 c5 4. c3 Nc6 5. e3 Qb6 6. Qb3 c4 7. Qc2 Bf5 8. Qc1 e6 9. Nbd2 h6 10. Be2 Be7 11. Ne5 Bh7 12. 0-0 0-0 13. Re1 Rfc8 14. Bf3 Nxe5 15. Bxe5 Nd7 16. Bg3 f5 17. Bd1 Qc6 18. Bc2 b5 19. a3 a5 20. f3 Nf6 21. e4 fxe4 22. fxe4 Nxe4 23. Nxe4 dxe4 24. Qb1 b4 25. axb4 axb4 26. Rxa8 Rxa8 27. Bxe4 Bxe4 28. Qxe4 Qxe4 29. Rxe4 b3 30. Re1 Ra2 31. Rb1 Kf7 32. Bf4 Kg6 33. Kf2 Kf5 34. Kf3 h5 35. h3 h4 36. Be3 Bd6 37. Bc1 Bg3 38. Bd2 g5 39. Bc1 Bd6 40. Bd2 Bc7 41. Bc1 Bf4 42. Be3 Bg3 43. Bg1 Ra5 44. Be3 e5 45. dxe5 Bxe5 46. Bd4 Bxd4 47. cxd4 Ra2 48. Ke3 c3 49. bxc3 Rxg2 50. Rxb3 Rg3+ 51. Kf2 Kf4 52. Rb5 Rxh3 53. d5 Rxc3 54. d6 Rd3 55. Rb6 Rd4 56. Kg2 Kg4 57. Kh2 Rd2+ 58. Kg1 h3 59. Ra6 Kg3 60. Ra3+ Kh4 61. Ra6 g4 62. Rb6 Rd1+ 63. Kf2 g3+ 64. Ke2 g2 65. Rb4+ Kg3 66. Rb3+ Kh2 0-1

[Event "SWE-chT 1718 Superettan"]
[Site "Sweden"]
[Date "2017.10.21"]
[Round "2"]
[White "Hesselborn, Per Ove"]
[Black "Miezis, Normunds"]
[Result "0-1"]
[WhiteElo "2161"]
[BlackElo "2420"]
[PlyCount "104"]
[EventDate "2017.10.20"]
[EventType "team-tourn"]
[EventRounds "9"]
[EventCountry "SWE"]
[SourceTitle "EXT 2019"]
[Source "ChessBase"]
[SourceDate "2018.10.10"]
[SourceVersion "1"]
[SourceVersionDate "2018.10.10"]
[SourceQuality "1"]
[WhiteTeam "Kristallens"]
[BlackTeam "Vasteras"]
[WhiteTeamCountry "SWE"]
[BlackTeamCountry "SWE"]

1. Nf3 c5 2. g3 Nc6 3. c4 g6 4. Bg2 Bg7 5. 0-0 e5 6. Nc3 Nge7 7. a3 d6 8. d3 0-0 9. Rb1 a5 10. Ne1 h6 11. Nc2 a4 12. Ne3 Nd4 13. Ned5 Nxd5 14. Nxd5 Bg4 15. f3 Bd7 16. e4 b5 17. Be3 bxc4 18. dxc4 Rb8 19. Rf2 Rb3 20. Bxd4 exd4 21. Bf1 f5 22. Bd3 fxe4 23. Bxe4 Bf5 24. Bxf5 Rxf5 25. f4 Kh7 26. Re2 d3 27. Re6 Qg8 28. Qe1 Re5 29. Rxe5 dxe5 30. fxe5 Qe6 31. Nf6+ Bxf6 32. exf6 Qxf6 33. Qf2 Qf5 34. Qxf5 gxf5 35. Kf2 Kg6 36. Ke3 Kg5 37. Kf3 h5 38. h4+ Kf6 39. Ke3 Ke5 40. Re1 Kf6 41. Rb1 Ke6 42. Rd1 d2+ 43. Kxd2 Rxb2+ 44. Ke3 Rc2 45. Rb1 Rc3+ 46. Kf2 Rxc4 47. Rb6+ Ke5 48. Rh6 Rc2+ 49. Kf1 Ke4 50. Rxh5 c4 51. Rg5 c3 52. Rg8 Kf3 0-1

[Event "SWE-ch Veterans"]
[Site "Lund"]
[Date "2010.07.03"]
[Round "1"]
[White "Hesselborn, Per Ove"]
[Black "Andersson, Kaj Ake"]
[Result "1/2-1/2"]
[WhiteElo "2309"]
[BlackElo "2098"]
[PlyCount "41"]
[EventDate "2010.07.03"]
[EventType "swiss"]
[EventRounds "9"]
[EventCountry "SWE"]
[SourceTitle "CBM 137 Extra"]
[Source "ChessBase"]
[SourceDate "2010.09.01"]
[SourceVersion "1"]
[SourceVersionDate "2010.09.01"]
[SourceQuality "1"]

1. e4 c5 2. Nc3 e6 3. Nf3 a6 4. d4 cxd4 5. Nxd4 d6 6. Bd3 Nf6 7. f4 Be7 8. Qe2 Qc7 9. Be3 Nbd7 10. 0-0 b5 11. a4 b4 12. Na2 d5 13. e5 Ne4 14. Bxe4 dxe4 15. c3 bxc3 16. Nxc3 Bb7 17. Rac1 Qa5 18. Kh1 0-0 19. Bg1 Rfc8 20. Nxe4 Qxa4 21. f5 1/2-1/2

[Event "Rilton Cup-12 1982/83"]
[Site "Stockholm"]
[Date "1982.12.29"]
[Round "3"]
[White "Hesselborn, Per Ove"]
[Black "Schacht, Holger"]
[Result "1/2-1/2"]
[WhiteElo "2355"]
[BlackElo "2220"]
[PlyCount "22"]
[EventDate "1982.12.27"]
[EventType "swiss"]
[EventRounds "9"]
[EventCountry "SWE"]
[SourceTitle "EXT 2006"]
[Source "ChessBase"]
[SourceDate "2005.11.24"]
[SourceVersion "1"]
[SourceVersionDate "2005.11.24"]
[SourceQuality "1"]

1. g3 Nf6 2. Bg2 d5 3. Nf3 Bg4 4. c4 c6 5. Qb3 Qb6 6. Qxb6 axb6 7. cxd5 cxd5 8. Nc3 Nc6 9. d3 e6 10. Nb5 Ra5 11. a4 Bb4+ 1/2-1/2